|
|
|
|
| LEADER |
00000nam a22000007a 4500 |
| 005 |
2019091907337.0 |
| 007 |
cr|||| ||| |
| 008 |
190919s2019 cn |||||s|||| 00||0 eng d |
| 020 |
|
|
|a 9786200114655
|
| 035 |
|
|
|a 29436
|
| 040 |
|
|
|a vLex
|
| 090 |
|
|
|c 9577
|d 9577
|
| 100 |
1 |
|
|a Khaskheli, Muhammad Bilawal
|
| 245 |
1 |
0 |
|a Honor Killing As A Black Spot on Rule of Law
|h [Recurso electrn̤ico] /
|c Muhammad Bilawal Khaskheli, Sughra Bibi
|
| 256 |
|
|
|a Servicio en ln̕ea
|
| 260 |
|
|
|a Pekn̕:
|b Lambert Academic Publishing,
|c 2019
|
| 300 |
|
|
|a 1 recurso electrn̤ico
|
| 500 |
|
|
|a A book called an " honor killing" and to see how China was fighting against the killing of honor, and Pakistan is still suffering from the killing of honor. China has set a great example for developing countries in ensuring and ensuring the human rights of women. Women are free and independent and enjoy equal opportunities in all aspects of social and economic life in China. China’s legal system, especially criminal law and family law, is of great significance. This is a good example of learning other countries designing and modifying their laws to ensure the protection of women's rights and avoid any examples of honor killings.
|
| 506 |
1 |
|
|a Disponible solo en los productos indicados
|d vLex Global
|d vLex Global (Academic Edition, excluding Law Schools)
|d vLex Global (U.S. Academic Edition, Law Schools)
|d vLex Global (U.S. Academic Edition, excluding Law Schools)
|d vLex Global (Academic Edition, Law Schools)
|
| 650 |
0 |
4 |
|a Derecho Pb︢lico y Administrativo
|z China
|
| 700 |
1 |
|
|a Bibi, Sughra
|
| 740 |
0 |
|
|a vLex Libros (Servicio en ln̕ea)
|
| 856 |
4 |
0 |
|u http://vlex.com/source/29436
|z Acceso restringido
|
| 942 |
|
|
|c BOOK
|
| 999 |
0 |
|
|a Public and Administrative Law
|